000 00464nam a2200181Ia 4500
005 20250423095801.0
008 250422s9999 xx 000 0 und d
020 _a9781032113821
050 _aTK 7895 .E43 .I58/
100 _aEdited by Bhushan, Bharat et.al.
245 0 _aInternet of Things
260 _aBoca Raton
260 _bCRC Press
260 _c2024
300 _a304 p
650 _aInternet of things. Embedded Internet devices.
942 _cBK
999 _c31321
_d31321